| 000 | 00537nam a2200193 a 4500 | ||
|---|---|---|---|
| 005 | 20260109063948.0 | ||
| 008 | 050419s2000 mx r 000 0 spa d | ||
| 020 | _a8484321061 | ||
| 035 | _aUPN01000138164 | ||
| 049 | _aCG | ||
| 050 | 4 |
_aQ171 _bF4.6 |
|
| 100 | 1 |
_aFeynman, Richard Phillips, _b1918-1988 |
|
| 245 | 1 | 3 |
_aEl placer de descubrir / _cRichard P. Feynman, tr. Javier García Sanz. |
| 260 |
_aBarcelona, Esp. : _bCrítica, _c2000. |
||
| 300 | _a217 p. | ||
| 440 | 0 | _aDrakontos | |
| 650 | 4 |
_aCiencia _97469 |
|
| 905 | _aLibro | ||
| 999 |
_c110312 _d110312 |
||